Jerusalem delivered : an English prose version /

Bibliographic Details
Main Author: Tasso, Torquato, 1544-1595
Other Authors: Nash, Ralph, 1925-
Format: Book
Language:English
Published: Detroit : Wayne State University Press, 1987.
Subjects:

MARC

Tag First Indicator Second Indicator Subfields
LEADER 00000cam a2200000 a 4500
001 in00000033432
005 20151007060623.0
008 861218s1987 miua b s00110 eng
010 |a  86032607  
020 |a 0814318290 
020 |a 0814318304 (pbk.) 
035 |a (OCoLC)15084130 
035 |9 AAC1297AM 
040 |a DLC  |c DLC  |d m/c  |d TXA  |d UtOrBLW 
041 1 |a eng  |h ita 
049 |a TXAM  |c [A11526799] 
050 0 0 |a PQ4642.E21  |b N37 1987 
050 4 |a PQ4642.E21  |b N3713 1987 
082 0 |a 851/.4  |2 19 
100 1 |a Tasso, Torquato,  |d 1544-1595. 
240 1 0 |a Gerusalemme liberata.  |l English 
245 1 0 |a Jerusalem delivered :  |b an English prose version /  |c Torquato Tasso ; translated and edited by Ralph Nash. 
264 1 |a Detroit :  |b Wayne State University Press,  |c 1987. 
300 |a xxv, 511 pages :  |b 1 illustration ;  |c 24 cm. 
336 |a text  |b txt  |2 rdacontent 
337 |a unmediated  |b n  |2 rdamedia 
338 |a volume  |b nc  |2 rdacarrier 
500 |a Translation of: Gerusalemme liberata. 
504 |a Bibliography: pages [497]-499. 
500 |a Includes index. 
600 0 0 |a Godfrey,  |c of Bouillon,  |d approximately 1060-1100  |x Poetry. 
650 0 |a Crusades, First, 1096-1099  |x Poetry. 
700 1 |a Nash, Ralph,  |d 1925- 
999 |a MARS 
999 f f |s bc36884a-a236-3cef-a4f0-cad302a78177  |i 0b5bb08c-fe22-39ea-b579-1ada8162ff7b  |t 0 
952 f f |p normal  |a Texas A&M University  |b College Station  |c Sterling C. Evans Library  |d Evans: Library Stacks  |t 0  |e PQ4642.E21 N3713 1987  |h Library of Congress classification  |i unmediated -- volume  |m A14811526799 
998 f f |a PQ4642.E21 N3713 1987  |t 0  |l Evans: Library Stacks